| 000 | 00887cab a22002055a 4500 | ||
|---|---|---|---|
| 001 | L157437 | ||
| 008 | 121130e20121117xxk 000 0 eng d | ||
| 035 | _a(Sirsi) u157437 | ||
| 041 | 0 | _aeng | |
| 100 | 1 | _aJohnston, Bryan | |
| 245 | 0 | 0 | _aDon't estop me now! |
| 260 | _c2012 | ||
| 490 |
_aEstates Gazette _v(1246) 17 November 2012, 112-114(3) |
||
| 520 | _aConsiders if estoppel is effective in break clause cases. At present many tenants wish to break from their current leases by operating break clauses where they can either to seek better deals or to reduce their property holdings while landlords are under pressure to tie their tenants down to maintain continuity of income especially where the current lease has upwards only rent reviews. | ||
| 590 | _aKA | ||
| 651 | 4 | _aUnited Kingdom | |
| 690 |
_aLandlord and tenant _96252 |
||
| 700 | 1 | _aTaggart, Nicholas | |
| 942 | _n0 | ||
| 999 |
_c84381 _d84381 |
||